000 00794nam a22002177a 4500
999 _c14495
_d14495
003 AR-CdUCM
008 190423b ||||| |||| 00| 0 spa d
020 _a978-970-718-745-0
040 _aMUNICIPALIDAD PROVINCIAL DEL CUSCO
_cBIBLIOTECA MUNICIPAL DEL CUSCO
041 _hspa
082 _aEP / 808.06 /
_bSI57
110 _aSilver Dolphin en español.
_933264
245 _aEl sistema planetario solar :
_bUna experiencia por los planetas y mas allá /
260 _aMéxico :
_bSilver Dolphin en español,
_c2013.
300 _c30 cm.
_a29 páginas ;
500 _aIncluye 5 increíbles escenas pop. up con capas transparentes y explorador 3d.
505 _aContenido :El sistema planetario solar ...
650 _aCuentos
_951585
942 _2ddc
_cLIBROS
945 _arum
_d2019-04-23